Rembrandt (Record no. 6633)

MARC details
000 -CABECERA
campo de control de longitud fija 00764nam a2200241 a 4500
001 - NÚMERO DE CONTROL
campo de control BRCA_6951
005 - FECHA Y HORA DE LA ÚLTIMA TRANSACCIÓN
campo de control 20190320205645.0
008 - DATOS DE LONGITUD FIJA--INFORMACIÓN GENERAL
campo de control de longitud fija 181111s1956----u--a######---#000-0#eng-#
041 ## - CÓDIGO DE LENGUA
Código de lengua del texto/banda sonora o título independiente eng
044 ## - CÓDIGO DEL PAÍS DE LA ENTIDAD EDITORA/PRODUCTORA
Código MARC del país u
050 #4 - SIGNATURA TOPOGRÁFICA DE LA BIBLIOTECA DEL CONGRESO
Número de clasificación ND653.R4
Número de documento/Ítem .S54 1956
245 10 - MENCIÓN DE TÍTULO
Título Rembrandt
Resto del título Bible paintings
Mención de responsabilidad, etc. text by Seymour Slive
260 ## - PUBLICACIÓN, DISTRIBUCIÓN, ETC.
Lugar de publicación, distribución, etc. [Estados Unidos
Nombre del editor, distribuidor, etc. Harry N. Abrams
Fecha de publicación, distribución, etc. c1956]
300 ## - DESCRIPCIÓN FÍSICA
Extensión 5 p.
Otras características físicas il. (algunas a color), 16 láminas
Dimensiones 39 cm.
440 #0 - MENCIÓN DE SERIE/PUNTO DE ACCESO ADICIONAL--TÍTULO
Título Abrams art book
9 (RLIN) 17322
500 ## - NOTA GENERAL
Nota general Estado físico: algunas páginas se están desprendiendo
500 ## - NOTA GENERAL
Nota general O185
600 14 - PUNTO DE ACCESO ADICIONAL DE MATERIA--NOMBRE DE PERSONA
Nombre de persona Rembrandt Harmenszoon van Rijn
Subdivisión cronológica 1606-1669
9 (RLIN) 17323
650 14 - PUNTO DE ACCESO ADICIONAL DE MATERIA--TÉRMINO DE MATERIA
Término de materia o nombre geográfico como elemento de entrada Biblia
Subdivisión general Grabados, ilustraciones, etc.
9 (RLIN) 17324
700 1# - PUNTO DE ACCESO ADICIONAL--NOMBRE DE PERSONA
Nombre de persona Slive, Seymour
Término indicativo de función/relación tx.
9 (RLIN) 17325
902 ## - CATALOGADOR
Iniciales GFM
942 ## - ELEMENTOS DE PUNTO DE ACCESO ADICIONAL (KOHA)
Fuente del sistema de clasificación o colocación Library of Congress Classification
Tipo de ítem Koha Libros
Holdings
Estado de retiro Estado de pérdida Estado dañado No para préstamo Localización permanente Ubicación/localización actual Fecha de adquisición Número de inventario Total de préstamos Signatura topográfica completa Código de barras Fecha visto por última vez Precio válido a partir de Tipo de ítem Koha
El ejemplar forma parte de la colección y puede ser consultado según las políticas vigentes.       Biblioteca del Museo Franz Mayer (Rogerio Casas-Alatriste) Biblioteca del Museo Franz Mayer (Rogerio Casas-Alatriste) 18/11/2011 O185   ND653.R4 .S54 1956 (O185) 7398 22/03/2019 22/03/2019 Libros